[Event "3o Piacenza Chess Festival - Open A"]
[Site "Piacenza ITA"]
[Date "2025.10.26"]
[Round "5.6"]
[White "DI BARTOLOMEO, Adrian Mikail"]
[Black "BALDI, Matteo"]
[Result "1/2-1/2"]
[WhiteElo "2076"]
[BlackElo "2008"]
[PlyCount "68"]
[EventDate "2025.10.24"]

1. d4 Nf6 2. Nf3 e6 3. Bf4 c5 4. e3 cxd4 5. exd4 b6 6. Nbd2 Bb7 7. Bd3 Be7 8.
c3 d6 9. h3 O-O 10. O-O Nbd7 11. Re1 Re8 12. Qe2 a6 13. a4 Nf8 14. Bg3 Nh5 15.
Bh2 Ng6 16. Qe3 Nf6 17. Ne4 Nd5 18. Qd2 Qd7 19. c4 Nf6 20. b3 Nxe4 21. Bxe4
Bxe4 22. Rxe4 b5 23. axb5 axb5 24. Ree1 bxc4 25. bxc4 Qc6 26. Qd3 Rxa1 27. Rxa1
Ra8 28. Rxa8+ Qxa8 29. Bg3 Qa6 30. Qb3 f5 31. Qb8+ Kf7 32. Qc7 Kf8 33. Qb8+ Kf7
34. Qc7 Kf8 1/2-1/2

[Event "3o Piacenza Chess Festival - Open A"]
[Site "Piacenza ITA"]
[Date "2025.10.26"]
[Round "5.7"]
[White "BERGAMASCHI, Elia"]
[Black "CANOVA, Luca"]
[Result "1/2-1/2"]
[WhiteElo "2061"]
[BlackElo "1998"]
[PlyCount "69"]
[EventDate "2025.10.24"]

1. d4 Nf6 2. c4 e6 3. g3 d5 4. Bg2 Bb4+ 5. Nd2 O-O 6. Ngf3 b6 7. O-O Bb7 8. a3
Bxd2 9. Bxd2 Nbd7 10. Rc1 c5 11. cxd5 Bxd5 12. dxc5 Nxc5 13. Bb4 Nfd7 14. Nd4
Bxg2 15. Kxg2 Re8 16. Qc2 a5 17. Bc3 Nf6 18. Nf3 Ncd7 19. Rfd1 Qc8 20. Qd2 Qb7
21. Qg5 h6 22. Qb5 Rec8 23. Kg1 Rc5 24. Qd3 Rac8 25. Bd2 Rd5 26. Qb1 Rxc1 27.
Rxc1 Ne5 28. Nxe5 Rxd2 29. Rd1 Qd5 30. Rxd2 Qxd2 31. Qd3 Qxb2 32. Qd8+ Kh7 33.
Qd3+ Kg8 34. Qd8+ Kh7 35. Qd3+ 1/2-1/2

[Event "3o Piacenza Chess Festival - Open A"]
[Site "Piacenza ITA"]
[Date "2025.10.26"]
[Round "5.8"]
[White "MANGILI, Gabriele"]
[Black "FRANZA, Marco"]
[Result "1/2-1/2"]
[WhiteElo "1984"]
[BlackElo "2088"]
[PlyCount "131"]
[EventDate "2025.10.24"]

1. Nf3 c5 2. b3 d5 3. Bb2 f6 4. g3 e5 5. d3 Nc6 6. Bg2 Be6 7. Nbd2 Qd7 8. e4 d4
9. h4 h5 10. a4 Nh6 11. Nc4 b6 12. Nh2 Ng4 13. f3 Nxh2 14. Rxh2 g5 15. hxg5
fxg5 16. Qe2 O-O-O 17. O-O-O Be7 18. Rdh1 h4 19. Bh3 Bxh3 20. Rxh3 Bf6 21. Kb1
Qg7 22. gxh4 gxh4 23. Bc1 Rhg8 24. Bd2 Qg2 25. Qxg2 Rxg2 26. Be1 Nb4 27. Na3
Rdg8 28. Bxh4 Bxh4 29. Rxh4 Rg1+ 30. Rxg1 Rxg1+ 31. Kb2 Rg2 32. Kb1 Rf2 33. Rh5
Rf1+ 34. Kb2 Rxf3 35. Rh2 Nc6 36. Nc4 Rg3 37. Rf2 Kd7 38. Rh2 Rg7 39. Rh5 Re7
40. Rh6 Kc7 41. Nd6 a6 42. Nf5 Rf7 43. Rh5 b5 44. axb5 axb5 45. Rg5 Rh7 46.
Rg7+ Rxg7 47. Nxg7 Kd6 48. Ne8+ Kd7 49. Nf6+ Ke6 50. Nd5 Kd6 51. Kc1 Ne7 52.
Nf6 Ke6 53. Ne8 b4 54. Ng7+ Kf7 55. Nh5 Kg6 56. Ng3 Kg5 57. Nf1 Nc6 58. Nd2 Na5
59. Kd1 Kf4 60. Ke2 Kg3 61. Nf3 Nc6 62. Ng5 Nd8 63. Nh7 Ne6 64. Nf6 Nf8 65. Nd5
Nd7 66. Ne7 1/2-1/2

[Event "3o Piacenza Chess Festival - Open A"]
[Site "Piacenza ITA"]
[Date "2025.10.26"]
[Round "5.9"]
[White "PIN, Orlando"]
[Black "TRAMALLONI, Luca"]
[Result "0-1"]
[WhiteElo "1955"]
[BlackElo "1973"]
[PlyCount "70"]
[EventDate "2025.10.24"]

1. e4 c6 2. d4 d5 3. Nc3 dxe4 4. Nxe4 Nf6 5. Nxf6+ exf6 6. c3 Bd6 7. Bd3 O-O 8.
Qc2 Re8+ 9. Ne2 h5 10. O-O h4 11. h3 Nd7 12. Bd2 Nf8 13. Rae1 Bd7 14. f4 g6 15.
c4 f5 16. b3 Nh7 17. Bc3 Nf6 18. Bb2 Bf8 19. Kh2 Nh5 20. Qd2 Bh6 21. d5 Qc7 22.
Rd1 cxd5 23. cxd5 Qd6 24. Kg1 Qxd5 25. Qc3 Bg7 26. Qc2 Bc6 27. Rf2 Bxb2 28. Bc4
Qe4 29. Qxb2 Rad8 30. Rxd8 Rxd8 31. Qc1 b5 32. Nc3 Qe8 33. Be2 Ng3 34. Bf3 Bxf3
35. gxf3 b4 0-1

[Event "3o Piacenza Chess Festival - Open A"]
[Site "Piacenza ITA"]
[Date "2025.10.26"]
[Round "5.10"]
[White "OLUKA, Robert Mcligeyo"]
[Black "BOSI, Clint"]
[Result "1-0"]
[WhiteElo "2090"]
[BlackElo "2067"]
[PlyCount "113"]
[EventDate "2025.10.24"]

1. b3 d5 2. Bb2 Nf6 3. Nf3 Bf5 4. c4 e6 5. e3 Be7 6. Nc3 O-O 7. Be2 c5 8. cxd5
exd5 9. d4 Nc6 10. O-O b6 11. Rc1 Rc8 12. dxc5 bxc5 13. Na4 Ne4 14. Ba3 Nb4 15.
Bxb4 cxb4 16. Qd4 a5 17. Rxc8 Bxc8 18. Qa7 Bd7 19. Ne5 Bxa4 20. bxa4 Bc5 21.
Qb7 Nc3 22. Bb5 Qe7 23. Qxe7 Bxe7 24. Nc6 Bd8 25. Ra1 g6 26. Kf1 Bb6 27. Ke1 f5
28. Kd2 f4 29. exf4 Rxf4 30. f3 d4 31. Re1 Kg7 32. Re7+ Rf7 33. Rxf7+ Kxf7 34.
Bc4+ Kf6 35. Bb3 g5 36. Kd3 h6 37. Nxd4 Ke5 38. Nc2 Nb1 39. Kc4 Kf4 40. Kb5 Bd8
41. Nd4 Ke3 42. Ne6 Nc3+ 43. Ka6 Be7 44. Kxa5 Kf2 45. Kb6 Nxa4+ 46. Bxa4 Kxg2
47. Bc6 Kxh2 48. Ng7 Bf8 49. Nh5 Kh3 50. Bd7+ Kh4 51. Bg4 Bd6 52. Kc6 Be5 53.
Kd5 Bc3 54. Ke6 Bd4 55. Kf7 Bc5 56. Kg7 Bf8+ 57. Kg6 1-0

[Event "3o Piacenza Chess Festival - Open A"]
[Site "Piacenza ITA"]
[Date "2025.10.26"]
[Round "6.1"]
[White "CASADIO, Niccolo'"]
[Black "NIKOLOVSKI, Nikola"]
[Result "1/2-1/2"]
[WhiteElo "2186"]
[BlackElo "2402"]
[PlyCount "92"]
[EventDate "2025.10.24"]

1. e4 g6 2. d4 Bg7 3. Nc3 c6 4. h3 d6 5. Be3 Nd7 6. Qd2 b5 7. a3 Bb7 8. f4 Qc7
9. Nf3 a6 10. O-O-O Ngf6 11. e5 Nd5 12. Nxd5 cxd5 13. h4 Nb6 14. h5 e6 15. Kb1
Nc4 16. Qf2 Bc6 17. Bc1 b4 18. axb4 Rb8 19. b3 Rxb4 20. Bxc4 dxc4 21. Ba3 Rb7
22. hxg6 Be4 23. gxf7+ Kd7 24. Kb2 Rhb8 25. Ra1 Qa5 26. Qe3 Rxb3+ 27. cxb3
Rxb3+ 28. Qxb3 cxb3 29. Bxd6 Qb5 30. Rhd1 Qe2+ 31. Rd2 Qe3 32. Re1 Qxf4 33.
Rxe4 Qxe4 34. f8=Q Bxf8 35. Bxf8 h5 36. Bb4 h4 37. Bc3 a5 38. Bxa5 h3 39. gxh3
Qxf3 40. h4 Kc6 41. Bc3 Qh3 42. Kxb3 Qxh4 43. Ra2 Qe4 44. Ra5 Qb1+ 45. Bb2 Qd3+
46. Ka2 Qc4+ 1/2-1/2

[Event "3o Piacenza Chess Festival - Open A"]
[Site "Piacenza ITA"]
[Date "2025.10.26"]
[Round "6.2"]
[White "HERCEGOVAC, Neven"]
[Black "MAGLIONI, Leonardo"]
[Result "1-0"]
[WhiteElo "2287"]
[BlackElo "2103"]
[PlyCount "76"]
[EventDate "2025.10.24"]

1. e4 c6 2. d4 d5 3. exd5 cxd5 4. c4 Nf6 5. Nc3 Nc6 6. Nf3 a6 7. cxd5 Nxd5 8.
Bc4 Be6 9. Bb3 Na5 10. O-O Nxb3 11. axb3 f6 12. Nd2 Bf7 13. Nc4 e6 14. Bd2 Be7
15. Nxd5 Qxd5 16. Nb6 Qxd4 17. Nxa8 Qd8 18. Qg4 Qxa8 19. Qxg7 Rg8 20. Qxh7 e5
21. Rac1 b6 22. f3 Bc5+ 23. Kh1 Ke7 24. b4 Rh8 25. Qe4 Bd5 26. Qg4 Bd6 27. Rcd1
Rg8 28. Qf5 Rh8 29. Rfe1 Be6 30. Qe4 Bd5 31. Qg4 Rg8 32. Qf5 Rh8 33. Bg5 fxg5
34. Rxe5+ Bxe5 35. Qxe5+ Be6 36. Qg7+ Bf7 37. Re1+ Kd6 38. Qf6+ Kd5 1-0

[Event "3o Piacenza Chess Festival - Open A"]
[Site "Piacenza ITA"]
[Date "2025.10.26"]
[Round "6.3"]
[White "TIRELLI, Mauro"]
[Black "ROSTALNYI, Kyrylo"]
[Result "1-0"]
[WhiteElo "2261"]
[BlackElo "2079"]
[PlyCount "203"]
[EventDate "2025.10.24"]

1. f4 b6 2. Nf3 Bb7 3. e3 c5 4. b3 Nf6 5. Bb2 e6 6. Nc3 Be7 7. Bd3 Nc6 8. a3 d5
9. Qe2 a6 10. Nd1 Qc7 11. Nf2 d4 12. O-O O-O 13. c3 dxe3 14. dxe3 c4 15. bxc4
e5 16. e4 Bc5 17. Kh1 exf4 18. Bc1 Rfe8 19. Nh3 Bd6 20. Rb1 Bc8 21. Nd4 Bg4 22.
Qc2 Ne5 23. Nxf4 Nxd3 24. Qxd3 Rac8 25. h3 Bd7 26. Qf3 Be6 27. Nfxe6 fxe6 28.
Bg5 Be5 29. Bxf6 Bxf6 30. Qg4 Bxd4 31. cxd4 Qxc4 32. Rbd1 Rf8 33. Rxf8+ Rxf8
34. d5 exd5 35. Qe6+ Kh8 36. exd5 Rf1+ 37. Rxf1 Qxf1+ 38. Kh2 Qf4+ 39. Kg1 Qc1+
40. Kf2 Qd2+ 41. Kf3 Qd3+ 42. Kf4 Qd4+ 43. Kg3 g5 44. Qf5 h6 45. Qf8+ Kh7 46.
Qf7+ Kh8 47. Kf3 b5 48. Qf8+ Kh7 49. Qf7+ Kh8 50. Qe6 Kg7 51. Qe7+ Kg8 52. d6
Qd5+ 53. Kg3 Qf7 54. Qe5 Qd7 55. Qd5+ Kg7 56. Qc5 Kf6 57. Qd5 a5 58. Kf3 b4 59.
axb4 axb4 60. Qd4+ Ke6 61. Qxb4 Qf7+ 62. Kg3 Qf6 63. Qd2 Kd7 64. Kg4 Qg6 65.
Qd5 h5+ 66. Kg3 Qf6 67. Qd2 Qe5+ 68. Kf3 Qf6+ 69. Ke2 Qe5+ 70. Kf2 Qf5+ 71. Kg1
Qe5 72. Qd1 h4 73. Qd2 Qf5 74. Qd4 Qb1+ 75. Kf2 Qc2+ 76. Kf3 Qf5+ 77. Ke3 Qf1
78. Qd5 Qf4+ 79. Ke2 Qxd6 80. Qxg5 Qe6+ 81. Kf3 Qc6+ 82. Kf4 Qc4+ 83. Kf5 Qe6+
84. Kf4 Qc4+ 85. Kf3 Qf1+ 86. Ke4 Qc4+ 87. Ke5 Qe6+ 88. Kd4 Qb6+ 89. Ke4 Qb1+
90. Kf4 Qf1+ 91. Ke5 Kc7 92. Qe7+ Kc8 93. Qc5+ Kd7 94. Qd6+ Kc8 95. Qc6+ Kb8
96. Qf3 Qc4 97. Qf4 Qc2 98. Kf6+ Kb7 99. Qf3+ Kc7 100. Kg5 Qh7 101. Qf4+ Kd7
102. Qf5+ 1-0

[Event "3o Piacenza Chess Festival - Open A"]
[Site "Piacenza ITA"]
[Date "2025.10.26"]
[Round "6.4"]
[White "PISKOV, Yury"]
[Black "DIONIGI, Riccardo"]
[Result "1-0"]
[WhiteElo "2435"]
[BlackElo "2071"]
[PlyCount "115"]
[EventDate "2025.10.24"]

1. d4 d5 2. Nf3 Nf6 3. e3 e6 4. Bd3 c5 5. b3 Nc6 6. Bb2 Bd6 7. a3 O-O 8. Nbd2
b6 9. Ne5 Bb7 10. O-O Ne7 11. dxc5 Bxc5 12. Ng4 Nxg4 13. Qxg4 Ng6 14. Nf3 Be7
15. Ne5 Nxe5 16. Bxe5 Bf6 17. f4 Bxe5 18. fxe5 f5 19. exf6 Rxf6 20. Qh5 g6 21.
Qe5 Rxf1+ 22. Rxf1 Qe7 23. Rf6 Re8 24. Bxg6 Rf8 25. Rxf8+ Qxf8 26. Qxe6+ Kg7
27. Bf5 Ba6 28. Qd7+ Kf6 29. Qe6+ Kg7 30. Qe5+ Kh6 31. h4 Qd8 32. Qe6+ Kg7 33.
Qe5+ Kh6 34. Qf4+ Kg7 35. Bd3 Bxd3 36. cxd3 Qd7 37. Qe5+ Kf7 38. h5 Qc6 39. Kh2
a5 40. e4 dxe4 41. dxe4 Qc1 42. Qf5+ Kg8 43. Qe6+ Kf8 44. Qf6+ Ke8 45. Qh8+ Kd7
46. Qxh7+ Kc6 47. Qg6+ Kb7 48. Qf7+ Kb8 49. a4 Qg5 50. g3 Qd2+ 51. Kh3 Qd1 52.
Kh4 Qh1+ 53. Kg5 Qh3 54. Qf4+ Kb7 55. h6 Qe6 56. h7 Qe7+ 57. Kg6 Qe6+ 58. Kg7
1-0

[Event "3o Piacenza Chess Festival - Open A"]
[Site "Piacenza ITA"]
[Date "2025.10.26"]
[Round "6.5"]
[White "CANOVA, Luca"]
[Black "MAMMI, Ottavio"]
[Result "0-1"]
[WhiteElo "1998"]
[BlackElo "2182"]
[PlyCount "62"]
[EventDate "2025.10.24"]

1. Nf3 c5 2. c3 Nf6 3. d4 b6 4. Bf4 Bb7 5. Nbd2 d6 6. e3 Nbd7 7. h3 g6 8. Be2
Bg7 9. O-O O-O 10. a4 a6 11. Qc2 Re8 12. Bh2 Rc8 13. Rfd1 cxd4 14. exd4 h6 15.
Rac1 Nd5 16. Qb1 Kh7 17. Nc4 f5 18. Ne3 N5f6 19. d5 Nc5 20. Qa2 Qd7 21. Ra1 Ra8
22. Nd4 Bc8 23. Bc4 Qb7 24. b4 Nce4 25. Qb3 Bd7 26. f3 b5 27. axb5 axb5 28. Bd3
Rxa1 29. Rxa1 Nxc3 30. Ra5 Nfxd5 31. Nxd5 Bxd4+ 0-1

[Event "3o Piacenza Chess Festival - Open A"]
[Site "Piacenza ITA"]
[Date "2025.10.26"]
[Round "6.6"]
[White "BALDI, Matteo"]
[Black "MARZATICO, Luca"]
[Result "1/2-1/2"]
[WhiteElo "2008"]
[BlackElo "2087"]
[PlyCount "105"]
[EventDate "2025.10.24"]

1. e4 e6 2. d4 d5 3. Nd2 Nf6 4. e5 Nfd7 5. Bd3 c5 6. c3 Nc6 7. Ne2 cxd4 8. cxd4
f6 9. exf6 Nxf6 10. Nf3 Bd6 11. O-O O-O 12. Bf4 Bxf4 13. Nxf4 Ne4 14. Qc1 Ng5
15. Nxg5 Qxg5 16. Ne2 Qxc1 17. Raxc1 a6 18. a3 Bd7 19. f4 Rac8 20. b4 Na7 21.
Rc5 Bc6 22. Rfc1 g6 23. g3 Rce8 24. Kg2 Rf7 25. Kf3 g5 26. Kg2 gxf4 27. Nxf4 e5
28. dxe5 Rxe5 29. Kg1 Re3 30. Bf1 Rxa3 31. Nxd5 Kh8 32. Bg2 Ra2 33. R5c2 Rxc2
34. Rxc2 Nb5 35. Nf4 Nd4 36. Rc5 Rf5 37. Rxf5 Nxf5 38. Bxc6 bxc6 39. Nd3 Kg7
40. Nc5 Ne3 41. Nxa6 Nd5 42. Kf2 Kf6 43. g4 h5 44. gxh5 Kg5 45. h6 Kxh6 46. Kg3
Kg5 47. h3 Kh5 48. h4 Kg6 49. Kg4 Nf6+ 50. Kf4 Nd5+ 51. Ke4 Nxb4 52. Nxb4 Kh5
53. Nxc6 1/2-1/2

[Event "3o Piacenza Chess Festival - Open A"]
[Site "Piacenza ITA"]
[Date "2025.10.26"]
[Round "6.7"]
[White "TRAMALLONI, Luca"]
[Black "DI BARTOLOMEO, Adrian Mikail"]
[Result "0-1"]
[WhiteElo "1973"]
[BlackElo "2076"]
[PlyCount "100"]
[EventDate "2025.10.24"]

1. d4 d5 2. c4 c6 3. Nf3 Nf6 4. Qc2 e6 5. Nbd2 Nbd7 6. g3 Bd6 7. Bg2 O-O 8. O-O
Re8 9. b3 dxc4 10. Nxc4 Bc7 11. Ba3 a5 12. Nd6 Bxd6 13. Bxd6 Nb6 14. Ba3 Nbd5
15. Rac1 Nb4 16. Qb1 Nd7 17. Bb2 f6 18. Rfd1 Qe7 19. a3 Na6 20. e4 e5 21. d5
cxd5 22. exd5 Qf7 23. Nd2 b5 24. Ne4 Qf8 25. d6 Rb8 26. Qd3 Kh8 27. Qd2 b4 28.
a4 Bb7 29. Rc7 Bxe4 30. Bxe4 Ndc5 31. Qc2 Nxe4 32. Qxe4 Nxc7 33. dxc7 Rbc8 34.
Qb7 Qe7 35. Rc1 Qd6 36. Qb5 Re7 37. Rc6 Qd7 38. Qb7 h6 39. Rc5 Rxc7 40. Qb8+
Kh7 41. Rxa5 Qd2 42. Bxe5 fxe5 43. Ra8 Qd1+ 44. Kg2 Qd5+ 45. Kh3 Qe6+ 46. Kg2
Rf7 47. h4 Qd5+ 48. Kh3 Qh1+ 49. Kg4 Qf3+ 50. Kh3 Qf5+ 0-1

[Event "3o Piacenza Chess Festival - Open A"]
[Site "Piacenza ITA"]
[Date "2025.10.26"]
[Round "6.8"]
[White "FRANZA, Marco"]
[Black "OLUKA, Robert Mcligeyo"]
[Result "1/2-1/2"]
[WhiteElo "2088"]
[BlackElo "2090"]
[PlyCount "106"]
[EventDate "2025.10.24"]

1. e4 e5 2. Bc4 Nf6 3. d3 c6 4. Nf3 d5 5. Bb3 Bd6 6. Nc3 O-O 7. O-O d4 8. Ne2
Nbd7 9. a3 Nc5 10. Ba2 Bg4 11. Ng3 Nh5 12. h3 Nxg3 13. fxg3 Be6 14. Bxe6 fxe6
15. Bg5 Qe8 16. g4 Nd7 17. Bh4 c5 18. Bg3 Rc8 19. c3 Qd8 20. Kh2 Qb6 21. Rb1
Bb8 22. c4 a5 23. b3 Bd6 24. Qd2 Rf7 25. Qg5 Rcf8 26. Kg1 Qc7 27. Qh5 Nf6 28.
Qh4 Nd7 29. g5 g6 30. Qg4 Re7 31. h4 Rff7 32. h5 Nf8 33. Kf2 Qb8 34. a4 Qe8 35.
Rh1 gxh5 36. Rxh5 Ng6 37. Rh6 Rd7 38. Rbh1 Bf8 39. R6h5 Rde7 40. Ke2 Qb8 41.
Qh3 Qd6 42. Qh2 Qb6 43. Rb1 Qb4 44. Qg1 Bg7 45. Qe1 Qb6 46. Qd2 Rf4 47. Kd1 Rg4
48. Rh3 Qb4 49. Qxb4 axb4 50. Nh2 Rxg5 51. Nf3 Rg4 52. Nh2 Rg5 53. Nf3 Rg4
1/2-1/2

[Event "3o Piacenza Chess Festival - Open A"]
[Site "Piacenza ITA"]
[Date "2025.10.26"]
[Round "6.9"]
[White "BONADE', Massimo"]
[Black "MANGILI, Gabriele"]
[Result "0-1"]
[WhiteElo "2011"]
[BlackElo "1984"]
[PlyCount "129"]
[EventDate "2025.10.24"]

1. e4 Nc6 2. Nc3 d6 3. d4 Nf6 4. d5 Nb8 5. h3 c6 6. Be3 g6 7. Qd2 Bg7 8. O-O-O
O-O 9. g4 Qa5 10. Kb1 b5 11. Bg2 b4 12. Nce2 cxd5 13. exd5 Bb7 14. Nf4 Nbd7 15.
g5 Ne8 16. Bd4 Ne5 17. Nge2 Nc7 18. h4 Nb5 19. Bxe5 Bxe5 20. Nd3 Nc3+ 21. bxc3
bxc3 22. Qe3 Ba6 23. Nec1 Qa3 24. Nb3 Bxd3 25. Qc1 Qxc1+ 26. Rxc1 Bb5 27. Rcd1
Rab8 28. Ka1 Ba4 29. Rhe1 Rb4 30. Re4 Rfb8 31. Rde1 Rxe4 32. Rxe4 Bxb3 33. axb3
Rxb3 34. f4 Ra3+ 35. Kb1 f5 36. Rb4 Bg7 37. h5 Kf7 38. h6 Bh8 39. Bf1 Ra5 40.
Bb5 Bd4 41. Ba4 Bb6 42. Bb3 Rc5 43. Kc1 Ra5 44. Kb1 Ke8 45. Rc4 Rc5 46. Rb4 Kd8
47. Kc1 Ra5 48. Kd1 Ra1+ 49. Ke2 Rh1 50. Kd3 Rd1+ 51. Ke2 Rd4 52. Rxd4 Bxd4 53.
Kd3 Bf2 54. Ba4 Be1 55. Ke2 Bd2 56. Kf3 a5 57. Bb5 Kc7 58. Be8 Kb6 59. Bxg6 a4
60. Bxh7 a3 61. g6 a2 62. g7 a1=Q 63. g8=Q Qf1+ 64. Kg3 Bxf4+ 65. Kh4 0-1

[Event "3o Piacenza Chess Festival - Open A"]
[Site "Piacenza ITA"]
[Date "2025.10.26"]
[Round "6.10"]
[White "BERGAMASCHI, Elia"]
[Black "PIN, Orlando"]
[Result "1-0"]
[WhiteElo "2061"]
[BlackElo "1955"]
[PlyCount "53"]
[EventDate "2025.10.24"]

1. d4 d5 2. c4 e6 3. g3 Nf6 4. Bg2 Be7 5. Nf3 O-O 6. O-O dxc4 7. Qc2 a6 8. a4
Bd7 9. Qxc4 Bc6 10. Bg5 h6 11. Bxf6 Bxf6 12. Rd1 a5 13. Nc3 Nd7 14. e4 Nb6 15.
Qd3 Qe8 16. Qc2 Rd8 17. h4 g5 18. e5 Be7 19. hxg5 hxg5 20. Ne4 Bxe4 21. Qxe4
Rd7 22. Qg4 Qd8 23. Bf1 Kg7 24. Bd3 Rh8 25. Kg2 f6 26. Qxe6 Nd5 27. Rh1 1-0